<?xml version="1.0" encoding="UTF-8"?><?xml-stylesheet type="text/xsl" href="static/style.xsl"?><OAI-PMH xmlns="http://www.openarchives.org/OAI/2.0/" xmlns:xsi="http://www.w3.org/2001/XMLSchema-instance" xsi:schemaLocation="http://www.openarchives.org/OAI/2.0/ http://www.openarchives.org/OAI/2.0/OAI-PMH.xsd"><responseDate>2026-04-13T01:08:39Z</responseDate><request verb="GetRecord" identifier="oai:www.recercat.cat:2117/166979" metadataPrefix="marc">https://recercat.cat/oai/request</request><GetRecord><record><header><identifier>oai:recercat.cat:2117/166979</identifier><datestamp>2025-07-23T06:09:34Z</datestamp><setSpec>com_2072_1033</setSpec><setSpec>col_2072_452951</setSpec></header><metadata><record xmlns="http://www.loc.gov/MARC21/slim" xmlns:dcterms="http://purl.org/dc/terms/" xmlns:xsi="http://www.w3.org/2001/XMLSchema-instance" xmlns:doc="http://www.lyncode.com/xoai" xsi:schemaLocation="http://www.loc.gov/MARC21/slim http://www.loc.gov/standards/marcxml/schema/MARC21slim.xsd">
   <leader>00925njm 22002777a 4500</leader>
   <datafield ind2=" " ind1=" " tag="042">
      <subfield code="a">dc</subfield>
   </datafield>
   <datafield ind2=" " ind1=" " tag="720">
      <subfield code="a">Pérez, Leila Soledad</subfield>
      <subfield code="e">author</subfield>
   </datafield>
   <datafield ind2=" " ind1=" " tag="260">
      <subfield code="c">2019-02-28</subfield>
   </datafield>
   <datafield ind2=" " ind1=" " tag="520">
      <subfield code="a">El trabajo consta de tres partes tal y como lo indica su título, en la primera se ha realizado una recopilación de datos tanto insitu como monográfico del estado actual de la finca y su posterior valoración para diagnosticar su estado estructural y lesiones del mismo, en la segunda parte y con la información obtenida se plantea una intervención o actuación de rehabilitación del mismo y por último se realizó una propuesta de adecuación del uso.&#xd;
Para la realización se establece los siguientes puntos:&#xd;
• 1 -Introducción: En ella se describe el origen del trabajo, el porqué de su elección y el desarrollo del mismo.&#xd;
• 2 -Descripción del edificio: Descripción del edificio objeto de estudio, historia y antecedentes de su uso.&#xd;
• 3- Diagnosis y Rehabilitación: Informe de inspección, valoración y diagnóstico del edificio actual, que incluye planos con las lesiones, calculo estructural y propuesta de rehabilitación&#xd;
• 4- Memoria descriptiva propuesta adecuación de uso: Explicación de la solución de las características constructivas, acabados, instalaciones de forma escrita y gráfica.&#xd;
• 5 -Conclusiones: Breve resumen del resultado obtenido con el desarrollo del proyecto.&#xd;
• 6 -Bibliografía&#xd;
• 7- Agradecimientos</subfield>
   </datafield>
   <datafield tag="653" ind2=" " ind1=" ">
      <subfield code="a">Àrees temàtiques de la UPC::Edificació::Rehabilitació d'edificis</subfield>
   </datafield>
   <datafield tag="653" ind2=" " ind1=" ">
      <subfield code="a">Buildings -- Maintenance</subfield>
   </datafield>
   <datafield tag="653" ind2=" " ind1=" ">
      <subfield code="a">Buildings -- Remodeling for other use</subfield>
   </datafield>
   <datafield tag="653" ind2=" " ind1=" ">
      <subfield code="a">Edificis -- Manteniment i reparació -- Catalunya -- Barcelona</subfield>
   </datafield>
   <datafield tag="653" ind2=" " ind1=" ">
      <subfield code="a">Casa Tarragó (Barcelona, Catalunya)</subfield>
   </datafield>
   <datafield tag="653" ind2=" " ind1=" ">
      <subfield code="a">Conversió d'edificis -- Catalunya -- Barcelona</subfield>
   </datafield>
   <datafield ind2="0" ind1="0" tag="245">
      <subfield code="a">Diagnosis y propuesta de rehabilitación de Can Tarragó (La Carbonera), adecuación del uso para viviendas</subfield>
   </datafield>
</record></metadata></record></GetRecord></OAI-PMH>